000 00439nam a2200145 i 4500
001 51104
003 ES-MaACL
007 t|
008 030808s1920 fr ||||1| fre d
100 1 _aChancerel, Lucien.
_937944
245 1 0 _aTraité pratique de sylviculture
_b: explotation forestière et boisement /
_cpar Lucien Chancerel.
260 _aParis :
_bGauthier-Villars,
_c1920.
300 _a373 p. ;
_c25 cm.
852 _aES-MaACL
_jB-4554
999 _c51104
_d51104